00519nam a22001577a 450000500170000000800410001702000260005803700160008404000080010010000240010824500830013226000350021527000620025030000300031250000190034220100428135931.0100428t xxu||||| |||| 00| 0 eng d a9780670083725c499.00 bPUB/Penguin bDPL aSchaffer, Howard B. aThe limits of influence :cby Howard B. Schaffer bAmerica's role in Kashmir / aNew DelhibPenguin Booksc2009 a11, Community Centre, Panchsheel Park,bNew Delhie110017 axii, 272p. :c23 cm. (Hb) aincludes index